| 000 | 00643cam a2200241 4500 | ||
|---|---|---|---|
| 001 | B1045 | ||
| 008 | 090401t1983 xxu||||| |||| 00| 0 eng d | ||
| 035 | _a(Sirsi) u42334 | ||
| 041 | _aeng | ||
| 050 | _a333.33 | ||
| 110 |
_aBernard Thorpe and Partners _92958 |
||
| 245 | _aAnnual property survey (1982) | ||
| 260 |
_aLondon _bBernard Thorpe and Partners _c1983 |
||
| 300 | _a36p. : ill. ; 30cm. | ||
| 350 | _a0 | ||
| 520 | _aDescribed on cover as Vol. 6 no. 1 January 1983. | ||
| 650 | _aINDUSTRIAL PROPERTY | ||
| 650 | _aOFFICES | ||
| 650 |
_aRESIDENTIAL PROPERTY _96266 |
||
| 650 | _aSHOPS | ||
| 942 | _n0 | ||
| 948 | _c04/03/1997 | ||
| 999 |
_c91075 _d91075 |
||